00901nam a2200253Ia 4500003000400000005001700004008004100021020001800062040001800080041000800098082002000106100002500126245006500151250001200216260005600228300002500284650003900309650002900348650002800377700002700405942002900432999001900461952016700480OSt20220715104200.0210716s2010 xx 000 0 und d a9789380108261 cAIMIT LIBRARY aeng a512.5 21bCHEW aCheney, Ward.949756 aLinear algebra: btheory and applications /cBy Ward Cheney. a1st ed. aNew Delhi :bJones and Bartlett Publishers ,c2010. axvii,740p. ;c24 cm. aSystems of linear equations949757 aMatrix operations949758 aVector subspaces949759 aKincaid, David.949760 2ddccBKe1stk512.5 CHEW c190617d190617 00102ddc40708MCAaAIMITbAIMITeKnowledge Worldg495.00iBill no:703; Bill dt:2010-07-29l0o512.5 CHEWpMCA10125r2025-07-21 00:00:00v371.25w2021-07-16yBK